000 00221nam a22000857a 4500
008 170111b xxu||||| |||| 00| 0 eng d
100 _92320
_aGupta.R.
245 _aIndian Economic Development-XI
260 _aNew Delhi
_bGPH
_c2008
999 _c5252
_d5252